000 00391nam a2200133Ia 4500
008 100122s9999 xx 000 0 und d
082 _b7249
_a610
100 _aकुंटे मोरेश्वर गणेश
245 _aवैद्य दर्पण
300 _a504
630 _aवैद्य दर्पण
730 _aवैद्य दर्पण
942 _cBOOK
999 _c399960
_d399957